00896nam a2200241Ia 4500003000400000005001700004008004100021020001500062040001800077041000800095082002000103100002500123245007000148250001200218260005000230300002900280650003400309650004400343650004900387942003000436999001900466952016900485OSt20251203114646.0210716s2001 xx 000 0 und d a8173193822 cAIMIT LIBRARY aeng a006.3221bSHUK aShukla, K K.9247392 aNeuro- computers : botimization based learning /cBy K K Shukla. a1st ed. aNew Delhi :bNarosa Publishing House ,c2001. axiv,142p. ;bPBc24.5 cm aHistorical background9247393 aThe search for global solutions9247394 aGenetic training in neuro- computers9247395 2ddccBKe1stk006.32 SHUK c185818d185818 00102ddc40708MCAaAIMITbAIMITeSita Book Houseg175.00iBill no:5235; Bill dt:2003-08-18l0o006.32 SHUKpMCA05326r2026-05-23 00:00:00v148.75w2021-07-16yBK